|
|
|
|
| LEADER |
00645 a2200193 4500 |
| 008 |
090309t xxu||||| |||| 00| 0 eng d |
| 020 |
|
|
|a 9788131724149
|
| 082 |
|
|
|a 004.92 HIL
|
| 100 |
|
|
|a Hill, F S
|9 5161
|
| 245 |
|
|
|a Computer graphics using open GL. 3rd Ed./
|c F S Hill; Stephen M. Kelley
|
| 250 |
|
|
|a 3rd Ed
|
| 260 |
|
|
|a New Delhi:
|b PHI;
|c 2009
|
| 300 |
|
|
|a 786p.
|
| 650 |
|
|
|a Computer graphics
|9 2168
|
| 700 |
|
|
|a Hill, F S
|9 2170
|
| 700 |
|
|
|a Kelley, Stephen M
|9 2171
|
| 942 |
|
|
|2 ddc
|c BK
|6 _
|
| 999 |
|
|
|c 84675
|d 84675
|
| 952 |
|
|
|0 0
|1 0
|2 ddc
|4 0
|6 00492_HIL
|7 0
|9 105725
|a DCA
|b DCA
|d 2009-03-09
|l 1
|o 004.92 HIL
|p CA004884
|r 2012-01-12
|s 2012-01-12
|w 2009-03-09
|y BK
|